|
|
แสดงรายละเอียดบรรณานุกรม |
|
|
Brief Record
: Get Marc (ISO 2709)
: E-mail record
: |
|
|
| LEADER 00000nam 2200000uu 4500 | |||
| 008 130717s2556||||th 000 0 tha d | |||
| 040 ^abcnkk. | |||
| 041 0 ^atha. | |||
| 050 0 QK 364 ต626 2556 | |||
| 245 00 ^a84 ต้นไม้ ถวายพ่อ บนมอดินแดง/^cมหาวิทยาลัยขอนแก่น. | |||
| 260 ^aขอนแก่น:^bมหาวิทยาลัยขอนแก่น,^c2556. | |||
| 300 ^a96 หน้า:^bภาพประกอบ. | |||
| 650 0 ^aต้นไม้. | |||
| 710 1 ^aมหาวิทยาลัยขอนแก่น. | |||
| 999 ^aใช้งานได้ทุกระบบ | |||
| คุณยังไม่ได้ล็อกอิน คุณสามารถมีกิจกรรมร่วมกับเว็บไซต์ได้ แต่ต้องล็อกอินก่อน :: |
|
| สถานะ | |||||||||
| 1. | หนังสือทั่วไป | QK 364 ต626 2556 | On Shelf ขอยืม | ||||||
| 2. | หนังสือทั่วไป | QK 364 ต626 2556 ฉ.2 | On Shelf ขอยืม | ||||||
| [แสดง 2/2 รายการ] | |||||||||
BibComment |
| คอมเมนท์ทรัพยากรรายการนี้ |
|
|